Score 0/30 Timer 05:00
2 Plays Today
% Correct
Yes. Billy Joel was born in New York, New York.
88.4%
No. Sofia Vergara was born in Barranquilla, Colombia.
88.3%
No. Jackie Chan was born in Victoria Peak, Hong Kong.
87%
No. Hugh Laurie was born in Oxford, England.
86.9%
Yes. Joe Pesci was born in Newark, New Jersey.
84.4%
Yes. Eddie Griffin was born in Kansas City, Missouri.
84.1%
Yes. George Carlin was born in New York, New York.
83.3%
Yes. Gary Sinise was born in Blue Island, Illinois.
83.3%
No. Geoffrey Rush was born in Toowoomba, Australia.
80.9%
Yes. Jon Bon Jovi was born in Perth Amboy, New Jersey.
80.7%
Yes. Dave Grohl was born in Warren, Ohio.
80.6%
Yes. John Malkovich was born in Christopher, Illinois.
79.3%
No. Jet Li was born in Beijing, China.
78.6%
Yes. Michelle Pfeiffer was born in Santa Ana, California.
78.2%
Yes. Cher was born in El Centro, California.
76.8%
% Correct
No. Michael Cera was born in Brampton, Canada.
74.9%
No. Charlize Theron was born in Benoni, South Africa.
74.3%
Yes. Shia LaBeouf was born in Los Angeles, California.
72.9%
No. Bryan Adams was born in Kingston, Canada.
72.3%
Yes. Renée Zellweger was born in Katy, Texas.
69.9%
No. Stephen Hawking was born in Oxford, England.
67.4%
Yes. Lucy Liu was born in New York, New York.
65.6%
No. Alfred Hitchcock was born in London, England.
64%
No. Keanu Reeves was born in Beirut, Lebanon.
63.2%
Yes. Kal Penn was born in Montclair, New Jersey.
57.7%
No. Andrew Lincoln was born in London, England.
50.3%
No. Gene Simmons was born in Tirat Carmel, Israel.
39%
No. Nicki Minaj was born in Saint James, Trinidad and Tobago.
37.2%
No. John Cho was born in Seoul, South Korea.
34.8%
No. Amy Adams was born in Vicenza, Italy.
24.8%
Remove Ads.
Support Sporcle.
Get the best of Sporcle when you Go Orange. This ad-free experience offers more features, more stats, and more fun while also helping to support Sporcle. Thank you for becoming a member.

You're not logged in!

Compare scores with friends on all Sporcle quizzes.
OR
Log In

Show Comments

Extras

Top Quizzes Today


Score Distribution

Your Account Isn't Verified!

In order to create a playlist on Sporcle, you need to verify the email address you used during registration. Go to your Sporcle Settings to finish the process.

Report this User

Report this user for behavior that violates our Community Guidelines.

Details: